Sports Quiz

Random Sports or World Cup Quiz

2015 Women's World Cup Draw Quiz Stats

 Plays Quiz not verified by Sporcle

Challenge
Share
Tweet
Embed
Score 0/24 Timer 03:00
0 Plays Today
Hint Answer % Correct
Group ACanada
98.9%
Group DUnited States
97.8%
Group EBrazil
96.7%
Group AChina PR
95.6%
Group BGermany
95.6%
Group FFrance
95.6%
Group CJapan
94.5%
Group DAustralia
93.4%
Group FEngland
93.4%
Group DSweden
92.3%
Group ANew Zealand
89%
Group FMexico
89%
Hint Answer % Correct
Group ESpain
87.9%
Group ANetherlands
84.6%
Group DNigeria
83.5%
Group BNorway
81.3%
Group FColombia
80.2%
Group CSwitzerland
78%
Group EKorea Republic
76.9%
Group BCote D'Ivoire
67%
Group CCameroon
65.9%
Group BThailand
62.6%
Group ECosta Rica
62.6%
Group CEcuador
61.5%

You're not logged in!

Compare scores with friends on all Sporcle quizzes.
OR
Log In

You Might Also Like...

Show Comments

Extras

Top Quizzes Today


Score Distribution

Your Account Isn't Verified!

In order to create a playlist on Sporcle, you need to verify the email address you used during registration. Go to your Sporcle Settings to finish the process.

Report this User

Report this user for behavior that violates our Community Guidelines.

Details: